| 000 | 00747nam a2200217 i 4500 | ||
|---|---|---|---|
| 001 | 133322 | ||
| 003 | ES-MaACL | ||
| 005 | 20250822062533.0 | ||
| 007 | t| | ||
| 008 | 070214s1944 sp r ||||1| spa d | ||
| 100 | 1 |
_aRothe, Hans. _999966 |
|
| 245 | 1 | 4 |
_aLas pinturas del panteón de Goya _b: Ermita de San Antonio de la Florida / _cHans Rothe ; texto traducido por Manuel Gutiérrez Marín. |
| 260 |
_aBarcelona : _bOrbis, _c1944. |
||
| 300 |
_a128 p., 70 lám. ; _c26 cm. |
||
| 600 | 1 | 4 |
_aGoya, Francisco de, _d1746-1828 _9240353 |
| 610 | 0 | 4 |
_aErmita de San Antonio de la Florida (Madrid) _93505 |
| 700 | 1 |
_aGutiérrez Marín, Manuel. _961180 |
|
| 852 |
_aES-MaACL _jC-5282 _bR.25410 |
||
| 942 | _2udc | ||
| 999 |
_c133322 _d133322 |
||